000
00217nam a2200097Ia 4500
008
220204s9999 xx 000 0 und d
082
_a
82-7
_b
SIE
100
_a
Siegel, Larry
245
0
_a
Mad make out book
942
_c
BK
999
_c
35088
_d
35088